Countries that Border Brazil in Alphabetical Order - Statistics

General Stats
  • This quiz has been taken 23 times
  • The average score is 8 of 10
Answer Stats
Countries % Correct
Argentina
100%
Bolivia
95%
Colombia
85%
Peru
75%
Venezuela
75%
Guyana
70%
Paraguay
70%
Suriname
70%
Uruguay
70%
France
65%
No matching quizzes found
Score Distribution
Percent of People with Each Score
Percentile by Number Answered
Your Score History
You have not taken this quiz